000 00322nam a2200145 i 4500
001 bg
100 1 _aWILCKE, H.
245 0 _aKamieniarstwo /
_cH. Wilcke, W. Thunig.
260 _aWarszawa,
_c1987.
700 1 _aTHUNIG, W.
040 _cBPK
041 _apol
942 _cKS
008 s pl f |000 0 pol
999 _c5102
_d5102
856 _uhttp://koha.tu.koszalin.pl/cgi-bin/koha/opac-detail.pl?biblionumber=5102
_yKatalog online BPK